000 01067nam a2200253 a 4500
001 ASIN3938780460
003 OSt
005 20180116192414.0
008 130207s2008 xxu eng d
020 _a9783938780466 (hardcover)
_c$37.50
020 _a9783938780466 (hardcover)
040 _c0
082 _a721.832
100 _aBraun,Markus Sebastian
_96301
245 1 0 _aArchitectural details - stairs /
_cMarkus Sebastian Braun.
260 _a[S.l.] :
_bVerlagshaus Braun,
_c2008.
300 _a160 p. ;
_c25 cm.
520 _aFirst of all: Stairs are an essential structure for crossing height differences ? whether dynamic or elegant, modern or traditional, narrow or spacious. But beside this function as an article of daily use stairs are also a medium to express a specific way.
650 _aStairs
_xarchitecture
_96302
700 1 _aBraun, Markus Sebastian.
_96303
856 4 0 _3Amazon.com
_uhttp://www.amazon.com/exec/obidos/ASIN/3938780460/chopaconline-20
942 _2ddc
_cBK
999 _c353639
_d353639